000 00328nam a22001457a 4500
008 210303b ||||| |||| 00| 0 eng d
020 _a9781934319345
041 _aeng
080 _a336
082 _2336
100 _a56
101 _aFIN
245 _aFinancial Accounting for MBAS
_cPeter .John Roberet
942 _2udc
_cBK
999 _c55655
_d55655